Presidents of the US Federal Reserve System(FED) since 1914 - Statistics

General Stats
  • This quiz has been taken 12 times
  • The average score is 4 of 16
Answer Stats
Mandate President % Correct
2018-... Jerome Powell
83%
2014-2018 Janet Yellen
75%
2006-2014 Ben Bernanke
67%
1979-1987 Paul Volcker
67%
1987-2006 Alan Greenspan
58%
1970-1978 Arthur F. Burns
17%
1934-1948 Marriner Eccles
8%
1927-1930 Roy A. Young
8%
1916-1922 William P. G. Harding
8%
1914-1916 Charles S. Hamlin
0%
1923-1927 Daniel R. Crissinger
0%
1930-1933 Eugene Meyer
0%
1933-1934 Eugene R. Black
0%
1978-1979 G. William Miller
0%
1948-1951 Thomas McCabe
0%
1951-1970 William McChesney Martin Jr.
0%
No matching quizzes found
Score Distribution
Percent of People with Each Score
Percentile by Number Answered
Your Score History
You have not taken this quiz